000 00390cam a22001217a 4500
008 180718b1966 xxu||||| |||| 00| 0 eng d
082 _aA81x54 In2/61/26/Pt6
100 _aCensus of India 1961
245 _aTripura: village survey monograph, Rudijala
260 _aDelhi
_bThe Manager of Publications
_c1966
300 _a61+p.
440 _aCensus of India 1961. Volume XXVI, Tripura. Part VI
999 _c484158
_d484158